Property pricing survey (Record no. 107761)
[ view plain ]
| 000 -LEADER | |
|---|---|
| fixed length control field | 01179cad a22002295a 4500 |
| 001 - CONTROL NUMBER | |
| control field | L141760 |
| 008 - FIXED-LENGTH DATA ELEMENTS--GENERAL INFORMATION | |
| fixed length control field | 071219s2007 xxkad f s 000 0 eng d |
| 035 ## - SYSTEM CONTROL NUMBER | |
| System control number | (Sirsi) u141760 |
| 041 0# - LANGUAGE CODE | |
| Language code of text/sound track or separate title | eng |
| 050 04 - LIBRARY OF CONGRESS CALL NUMBER | |
| Classification number | 333.33 $2 18 |
| 110 2# - MAIN ENTRY--CORPORATE NAME | |
| Corporate name or jurisdiction name as entry element | Colliers CRE |
| 9 (RLIN) | 5075 |
| 245 00 - TITLE STATEMENT | |
| Title | Property pricing survey |
| Medium | [electronic resource] |
| 260 ## - PUBLICATION, DISTRIBUTION, ETC. | |
| Place of publication, distribution, etc. | London |
| Name of publisher, distributor, etc. | Colliers |
| Date of publication, distribution, etc. | 2007 |
| 490 #0 - SERIES STATEMENT | |
| Series statement | Property Pricing Survey |
| Volume/sequential designation | (40) November 2007 |
| 520 ## - SUMMARY, ETC. | |
| Summary, etc. | Reports investment activity has slowed down considerably; the 2007 forecast total return fell to 2.0% per annum in October, down from 8.8% in August 2007. This is the largest adjustment since the Survey began in 1994. Rental growth expectations for 2007 were revised downwards for all sectors except offices and business parks. Capital growth for 2007 fell in all sectors. Expects prime values and secondary values to fall in quarter four 2007. |
| 590 ## - LOCAL NOTE (RLIN) | |
| Local note | KA |
| 650 24 - SUBJECT ADDED ENTRY--TOPICAL TERM | |
| Topical term or geographic name entry element | COLLIERS PROPERTY PRICING SURVEY |
| 651 #4 - SUBJECT ADDED ENTRY--GEOGRAPHIC NAME | |
| Geographic name | United Kingdom |
| Chronological subdivision | |
| 690 ## - LOCAL SUBJECT ADDED ENTRY--TOPICAL TERM (OCLC, RLIN) | |
| Topical term or geographic name as entry element | PROPERTY-COMMERCIAL PROPERTY-COMMERCIAL PROPERTY MARKET |
| 856 40 - ELECTRONIC LOCATION AND ACCESS | |
| Uniform Resource Identifier | <a href="https://www.colliers.com/">https://www.colliers.com/</a> |
| Public note | View this report free of charge under market reports at www.colliers.com... |
| 942 ## - ADDED ENTRY ELEMENTS (KOHA) | |
| Suppress in OPAC | 0 |
| Withdrawn status | Lost status | Source of classification or shelving scheme | Damaged status | Not for loan | Home library | Current library | Shelving location | Date acquired | Total Checkouts | Full call number | Barcode | Date last seen | Copy number | Price effective from | Koha item type |
|---|---|---|---|---|---|---|---|---|---|---|---|---|---|---|---|
| Dewey Decimal Classification | Virtual | Virtual | Online | 19/12/2007 | ONLINE PUBLICATION | 141760-1001 | 06/08/2019 | 1 | 06/08/2019 | Book |